Honesty in the City

Gespeichert in:
Bibliographische Detailangaben
1. Verfasser: Dufwenberg, Martin
Weitere Verfasser: Servátka, Maroš, 1976-, Tarraso, Jorge, Vadovič, Radovan
Format: Buchkapitel
Sprache:Englisch
Tags: Tag hinzufügen
Keine Tags, Fügen Sie das erste Tag hinzu!

MARC

LEADER 00000naa$a2200000$$$4500
001 0283442
005 20240502083912.0
041 0 |a eng 
044 |a CZ 
245 1 0 |a Honesty in the City  |c Martin Dufwenberg, Maroš Servátka, Jorge Tarraso, Radovan Vadovič 
100 1 |a Dufwenberg, Martin 
700 1 |a Servátka, Maroš, 1976- 
700 1 |a Tarraso, Jorge 
700 1 |a Vadovič, Radovan